ბათუმის შოთა რუსთაველის სახელმწიფო უნივერსიტეტის ბიბლიოთეკა

Вестник Древней истории №1 том 78 Январь-Февраль-Март 2018 (ბიბ.ჩანაწერი № 55411)

000 -LEADER
fixed length control field 00792nam a2200229Ia 4500
001 - CONTROL NUMBER
control field 22492
003 - CONTROL NUMBER IDENTIFIER
control field GE_BSU
005 - DATE AND TIME OF LATEST TRANSACTION
control field 20190510144751.0
008 - FIXED-LENGTH DATA ELEMENTS--GENERAL INFORMATION
fixed length control field 181216s||||||||xx |||||||||||||| ||und||
040 ## - CATALOGING SOURCE
Transcribing agency GE_BSU
245 ## - TITLE STATEMENT
Title Вестник Древней истории №1 том 78 Январь-Февраль-Март 2018
245 ## - TITLE STATEMENT
Remainder of title Journal of ancient history
245 ## - TITLE STATEMENT
Statement of responsibility, etc. Гл. ред. А.И.Иванчук и др.
260 ## - PUBLICATION, DISTRIBUTION, ETC.
Place of publication, distribution, etc. Москва
260 ## - PUBLICATION, DISTRIBUTION, ETC.
Date of publication, distribution, etc. 2018
300 ## - PHYSICAL DESCRIPTION
Extent 192 стр. 24 см.
653 ## - INDEX TERM--UNCONTROLLED
Uncontrolled term Вестник Древней истории №1 том 78 Январь-Февраль-Март 2018
653 ## - INDEX TERM--UNCONTROLLED
Uncontrolled term Периодика
653 ## - INDEX TERM--UNCONTROLLED
Uncontrolled term პერიოდიკა
700 ## - ADDED ENTRY--PERSONAL NAME
Personal name Иванчик А.И.
Relator term Гл.редактор
9 (RLIN) 951
942 ## - ADDED ENTRY ELEMENTS (KOHA)
Koha item type პერიოდიკა
Source of classification or shelving scheme
ეგზემპლარები
Withdrawn status Lost status Damaged status Not for loan Date acquired Barcode Date last seen Price effective from Koha item type Public note Source of classification or shelving scheme Permanent Location Current Location Serial Enumeration / chronology Copy number
        2018-12-17 p 79370 2018-12-17 2018-12-17 პერიოდიკა პერიოდიკა          
      შიდა ფონდი 2019-05-10 p80036 2019-05-10   პერიოდიკა პერიოდიკა   ბათუმის შოთა რუსთაველის სახელმწიფო უნივერსიტეტის მთავარი ბიბლიოთეკა ბათუმის შოთა რუსთაველის სახელმწიფო უნივერსიტეტის მთავარი ბიბლიოთეკა N 4 (Том78) Окртябрь-Ноябрь-Декабрь 2018. p80036